Practical project initiation a hand book with tools (Record no. 176273)

000 -LEADER
fixed length control field 00396nam a2200133Ia 4500
008 - FIXED-LENGTH DATA ELEMENTS--GENERAL INFORMATION
fixed length control field 220217s9999||||xx |||||||||||||| ||und||
020 ## - INTERNATIONAL STANDARD BOOK NUMBER
International Standard Book Number 978-81-7853-129-8
082 ## - DEWEY DECIMAL CLASSIFICATION NUMBER
Classification number 658.404 WIE
100 ## - MAIN ENTRY--PERSONAL NAME
Personal name Wiegers, Karl, E
9 (RLIN) 5358
245 #0 - TITLE STATEMENT
Title Practical project initiation a hand book with tools
260 ## - PUBLICATION, DISTRIBUTION, ETC.
Place of publication, distribution, etc. WP publishers
Name of publisher, distributor, etc. Bangalore
Date of publication, distribution, etc. 2008
300 ## - PHYSICAL DESCRIPTION
Other physical details 399
650 ## - SUBJECT ADDED ENTRY--TOPICAL TERM
Topical term or geographic name entry element ENGLISH GENERAL BOOKS
9 (RLIN) 691
Holdings
Withdrawn status Lost status Damaged status Not for loan Collection code Home library Current library Shelving location Date acquired Full call number Barcode Date last seen Price effective from Koha item type
        Computer Science and Engineering Central Library Central Library Reference 02/18/2022 658.404 WIE 11462 02/18/2022 02/18/2022 Books

Powered by Koha